00497 a2200169 4500001000700000020002200007040003500029100002700064240003600091245003100127362000900158440001200167697001100179942000700190952011100197999001900308157432 a978-85-16-08463-9 cEscola São Tomás de Aquino aTELLES, Carlos Queiroz10aSonhos, grilos e paixõeslpor10aSonhos, grilos e paixões0 a2013 1aModerna aPoesia cBK 00104070a12.22b12.22d2024-04-30l0oB869.91 TEL SONpEST00012364r2024-04-30 22:14:54w2024-04-30yBK c157432d157432